00225 a2200109 4500001000700000020000600007040001100013100003300024240002700057245002200084362000900106179819 a  cMagnum aSalles, Ana Cecilia Silveira10aConstruindo 2.000lpor10aConstruindo 2.0000 a1899